Príspevok na rekreáciu podľa nového paragrafu 152a Zákonníka práce

Podmienky na poskytnutie príspevku na rekreáciu. Výška príspevku na rekreáciu. Forma poskytovania príspevku. Oprávnené výdavky. Rozsah osôb, na ktoré možno preukázať oprávnené výdavky. Lehota na preukázanie oprávnených výdavkov, výplata príspevku. Praktické príklady.

Salvato in:
Dettagli Bibliografici
Autore principale: Toman, Jozef
Natura: Capitolo di libro
Lingua:slovacco
Soggetti:
Tags: Aggiungi Tag
Nessun Tag, puoi essere il primo ad aggiungerne!!

MARC

LEADER 00000naa a2200000 4500
001 0250653
005 20190204104746.2
041 0 |a slo 
044 |a SK 
245 1 0 |a Príspevok na rekreáciu podľa nového paragrafu 152a Zákonníka práce  |c Jozef Toman 
520 |a Podmienky na poskytnutie príspevku na rekreáciu. Výška príspevku na rekreáciu. Forma poskytovania príspevku. Oprávnené výdavky. Rozsah osôb, na ktoré možno preukázať oprávnené výdavky. Lehota na preukázanie oprávnených výdavkov, výplata príspevku. Praktické príklady. 
610 2 0 |a zákonník práce 
610 2 0 |a legislatíva 
610 2 0 |a rekreácia 
610 2 0 |a dovolenka 
610 2 0 |a financie 
610 2 0 |a zamestnávatelia 
610 2 0 |a zamestnanci 
100 1 |a Toman, Jozef